000 00311nam a2200133 i 4500
001 bg
100 1 _aMALINOWSKI, Bronisław.
245 1 0 _aDzieła.
_nT.2 /
_cBronisław Malinowski.
260 _aWarszawa,
_c1980.
040 _cBPK
041 _apol
942 _cKS
008 s pl f |000 0 pol
999 _c19537
_d19537
856 _uhttp://koha.tu.koszalin.pl/cgi-bin/koha/opac-detail.pl?biblionumber=19537
_yKatalog online BPK